000 00683cam a2200241 4500
008 090401t1993 xxu||||| |||| 00| 0 eng d
020 _a0611008319
035 _a(Sirsi) u70033
041 _aeng
050 _a692.5
245 _aLaxton`s building price book 1994.
250 _a166th ed.
260 _aEast Grinstead, West Sussex
_bReed Information Services
_c1993
300 _a2v. ; 30cm.
350 _a84
650 _aBUILT ENVIRONMENT-BUILDING COSTS
650 _aJOHNSON V B AND PARTNERS
650 _aBUILDING PRICE BOOKS
690 _aBUILT ENVIRONMENT-BUILDING COSTS
700 _aV.B. Johnson and Partners.,
_xEditor
942 _n0
948 _c04/03/1997
999 _c95275
_d95275